| 000 | 00413cam a2200181ua 4500 | ||
|---|---|---|---|
| 020 | _c2.00 | ||
| 041 |
_ahin _h |
||
| 082 |
_a891.54 _bNAG/BA |
||
| 100 | _aNagarjun, . | ||
| 245 |
_aBaba batesarnad / _cNagarjun. _hTextual Documents |
||
| 250 |
_a1 / _b. |
||
| 260 |
_aDelhi : _bRajkamal Prakash , _c1954. |
||
| 300 | _a153 ; . | ||
| 365 | _a2.00 | ||
| 504 | _a | ||
| 942 | _cBK | ||
| 999 |
_c8283 _d8283 |
||